000 00552nam a2200229Ia 4500
003 OSt
005 20220924150138.0
006 a|||||r|||| 00| 0
007 ta
008 220923b |||||||| |||| 00| 0 tel d
024 _a331914
037 _cTextual
040 _aARTS
_cARTS
_btel
041 _2tel
_atel
082 _aO35,1:g, L3
100 _aParishat
_9221342
245 0 _aTelugulo padakavita
260 _c1973
650 _aTELUGU POETRY
942 _hO35,1:g, L3
_cTEXL
_2CC
999 _c462302
_d462302